Administratívna budova

Salvato in:
Dettagli Bibliografici
Autore principale: Garaj, Tomáš (Autore)
Altri autori: Jamnický, Martin (Relatore della tesi)
Natura: Manoscritto Libro
Lingua:slovacco
Pubblicazione: 2017
Soggetti:
Accesso online:http://is.stuba.sk/zp/portal_zp.pl?podrobnosti=125128
https://opac.crzp.sk/?fn=detailBiblioForm&sid=E7FF18FD4FFD5019D5F9E83CC38C
Tags: Aggiungi Tag
Nessun Tag, puoi essere il primo ad aggiungerne!!

MARC

LEADER 00000ntm a22000003a 4500
001 stuzp63507
003 SK-STU
005 20230810134619.4
007 ta
008 150427s2015----xo-----f-mn---000-0-slo-d
040 |a STU  |b slo 
041 0 |a slo 
100 1 |a Garaj, Tomáš  |u 010180  |4 aut  |U SvF Stavebná fakulta  |T SvF Katedra konštrukcií pozemných stavieb  |X 42034  |U V180  |Y 18  |7 42034 
242 0 1 |a Administrative building  |y eng 
245 1 0 |a Administratívna budova 
260 |c 2017 
650 4 |a administratívvna budova  |2 slo 
650 4 |a Office  |2 slo 
650 4 |a Model  |2 slo 
650 4 |a Administrative building  |2 eng 
650 4 |a Office  |2 eng 
650 4 |a Model  |2 eng 
700 1 |a Jamnický, Martin  |u 010180  |k Z1  |4 ths  |U SvF Stavebná fakulta  |T SvF Katedra konštrukcií pozemných stavieb  |X 4052  |U V180  |Y 18  |7 A000004052 
856 4 |u http://is.stuba.sk/zp/portal_zp.pl?podrobnosti=125128 
856 4 |u https://opac.crzp.sk/?fn=detailBiblioForm&sid=E7FF18FD4FFD5019D5F9E83CC38C